000 00549nam a2200217Ia 4500
003 OSt
005 20220928142221.0
006 a|||||r|||| 00| 0
007 ta
008 220927b |||||||| |||| 00| 0 eng d
024 _a18669
037 _cTextual
040 _aSDCL
_cSDCL
_beng
041 _2eng
_aeng
082 _aX:89C.1'N9g, N5
100 _aNovack Janet L
_9502911
245 0 _aISO 9000 documentation toolkit
260 _c1995
942 _hX:89C.1'N9g, N5
_cTEXL
_2CC
999 _c820900
_d820900